| 000 | 02159 a2200229 4500 | ||
|---|---|---|---|
| 001 | 40444 | ||
| 005 | 20260407155657.0 | ||
| 008 | 260407a2016 arg spa d | ||
| 003 | AR-UNSa-BCEJYS | ||
| 040 |
_aAR-UNSa-BCEJYS _bspa _cAR-UNSa-BCEJYS |
||
| 080 |
_a347.736 _xQuiebra. Insolvencia. Suspensión de pagos. Bancarrota, procedimientos. Derecho Concursal |
||
| 245 | 1 | 0 | _aManual de concursos |
| 020 | _a978-950-20-2717-3 | ||
| 264 | 1 |
_aBuenos Aires : _bAbeledo Perrot _c2016 |
|
| 300 |
_axxviii, 960 p. _c24 cm. |
||
| 505 | _a1. Fundamentos de derecho concursal - 2. Orígenes hitóricos, evolución y antecedentes del derecho concursal - 3. Presupuesto de los procesos concursales - 4. El proceso concursal - 5. Jurisdicción concursal - 6. Funcionarios concursales - 7. Reglas procesales concursales -- Segunda Parte: Concurso preventivo: 1. Soluciones alternativas de la insolvencia - 2. Presentación y apertura - 3. Publicidad y desistimiento - 4. Efectos patrimoniales - 5. Efectos respecto de los créditos concursales - 6. Efecto respeto de los juicios contra el concursado - 7. Efectos personales - 8. Verificación de créditos - 9. Informe general - 10. Categorización de acreedores y período de exclusividad - 11. Salvataje o Cramdown - 12. Acuerdo preventivo - 13. Concursamiento en grupo o conjunto - 14. Acuerdo preventivo extrajudicial -- Tercera parte: Quiebra: 1. Declaración de quiebra - 2. Impugnación de la sentencia de quiebra - 3. Conversión de la quiebra en concurso preventivo - 4. Efectos personales - 5. Efectos patrimoniales - 6. Efectos retroactivos - 7. Efectos sobre los créditos - 8. Efectos sobre bienes de terceros - 9. Efectos sobre los contratos - 10. Extensión de quiebra - 11. Acciones de responsabilidad - 12. Continuación de la explotación de la empresa - 13. Período informativo - 14. Liquidación y distribución - 15. Preferencias concursales - 16. Conclusión de la quiebra | ||
| 041 | _aspa | ||
| 942 | _cBK | ||
| 590 | _aniveau_biblio:m niveau_hierar:0 | ||
| 100 | 1 | _aGraziabile, Darío J. | |
| 856 | 4 | 1 |
_uhttps://biblioeco.unsa.edu.ar/pmb/images/libros/L125806.jpg _yImagen de portada _qimage/jpeg |
| 999 |
_c3211 _d3211 |
||